Every 100k+ City in Southeast Asia on a Map [2025] (by urban area) - Statistics

General Stats
  • This quiz has been taken 184 times
  • The average score is 79 of 403
Answers on the Map
Answers color-coded by a green-red scale on the quiz's map according to % correct below.
 
Answer Stats
Country Region (if applicable) Population City % Correct
Indonesia Jakarta 35,022,080 Jakarta
90%
Thailand Krung Thep Maha Nakhon Lae Parimonthon 20,119,776 Krung Thep
88%
Vietnam Đồng bằng sông Hồng 5,659,099 Hà Nội
84%
Philippines Luzon 26,783,724 Manila
84%
Malaysia 8,913,469 Kuala Lumpur
80%
Vietnam Đông Nam Bộ 14,329,816 Thành Phố Hồ Chí Minh
78%
Myanmar 6,332,608 Yangon
78%
Cambodia 2,720,665 Phnum Pénh
76%
Singapore 6,140,503 Singapore
76%
Indonesia Jawa Timur 5,929,379 Surabaya
76%
Indonesia Sumatera Utara 4,416,446 Medan
73%
Indonesia Sulawesi Selatan 2,314,989 Makassar
71%
Indonesia Jawa Barat 8,857,127 Bandung
69%
Indonesia Bali 2,637,921 Denpasar
69%
Indonesia Yogyakarta 1,820,818 Yogyakarta
69%
Philippines Visayas 3,119,704 Cebu
67%
Philippines Mindanao 1,697,184 Davao
67%
Malaysia 993,541 George Town - Sungai Ara - Gelugor
67%
Myanmar 1,969,641 Mandalay
65%
Brunei Darussalam 253,764 Bandar Seri Begawan
63%
Vietnam Duyên hải Nam Trung Bộ 1,271,771 Đà Nẵng
63%
Laos 468,915 Viengchan
63%
Timor-Leste 312,401 Dili
61%
Myanmar 577,583 Naypyitaw
61%
Thailand Southern 619,466 Phuket
61%
Indonesia Sumatera Selatan 2,027,920 Palembang
59%
Thailand Northern 948,819 Chiang Mai
57%
Indonesia Jawa Tengah 3,334,565 Semarang
57%
Philippines Luzon 1,789,349 Angeles
55%
Indonesia Lampung 1,331,063 Bandar Lampung
53%
Indonesia Jawa Timur 1,290,200 Malang
53%
Indonesia Riau 1,513,024 Pekanbaru
53%
Cambodia 282,497 Siĕm Réab
53%
Indonesia Aceh 359,720 Banda Aceh
51%
Indonesia Kepulauan Riau 1,729,104 Batam
51%
Vietnam Đồng bằng sông Hồng 1,036,963 Hải Phòng
51%
Indonesia Sumatera Barat 1,242,268 Padang
51%
Vietnam Đồng bằng sông Cửu Long 1,125,394 Cần Thơ
49%
Malaysia 1,803,080 Johor Bahru
49%
Indonesia Jawa Barat 198,933 Banjar
47%
Vietnam Bắc Trung Bộ 452,707 Huế
47%
Thailand Eastern 479,741 Pattaya
47%
Indonesia Jawa Tengah 955,285 Surakarta
47%
Indonesia Kalimantan Selatan 1,068,061 Banjarmasin
45%
Malaysia 756,153 Kuching
45%
Thailand Northern 234,565 Chiang Rai
43%
Indonesia Jawa Barat 1,041,745 Cirebon
43%
Malaysia 996,918 Ipoh
43%
Indonesia Papua 269,478 Jayapura
43%
Indonesia Kalimantan Barat 992,695 Pontianak
43%
Indonesia Kalimantan Timur 1,334,156 Samarinda
43%
Philippines Mindanao 974,025 Cagayan de Oro
41%
Indonesia Gorontalo 437,112 Gorontalo
41%
Indonesia Jambi 877,057 Jambi
41%
Indonesia Banten 890,787 Serang
41%
Indonesia Kalimantan Timur 789,982 Balikpapan
39%
Philippines Mindanao 677,086 General Santos
39%
Indonesia Nusa Tenggara Timur 552,595 Kupang
39%
Malaysia 661,372 Melaka
39%
Indonesia Sulawesi Tengah 438,117 Palu
39%
Philippines Mindanao 690,003 Zamboanga
39%
Indonesia Maluku 583,777 Ambon
37%
Thailand Eastern 544,007 Chonburi
35%
Vietnam Tây Nguyên 222,500 Đà Lạt
35%
Malaysia 1,079,467 Kota Kinabalu
35%
Indonesia Nusa Tenggara Barat 576,314 Mataram
35%
Vietnam Bắc Trung Bộ 305,200 Vinh
35%
Malaysia 403,923 Alor Setar
33%
Indonesia Kalimantan Selatan 563,351 Banjarbaru
33%
Indonesia Jawa Timur 349,679 Batu
33%
Indonesia Bengkulu 415,550 Bengkulu
33%
Indonesia Sulawesi Utara 516,245 Manado
33%
Indonesia Jawa Barat 1,201,716 Tasikmalaya
33%
Indonesia Maluku Utara 241,080 Ternate
33%
Thailand Northeastern 199,473 Udon Thani
33%
Vietnam Đông Bắc Bộ 331,370 Hạ Long
31%
Philippines Visayas 711,326 Iloilo
31%
Indonesia Sulawesi Tenggara 512,844 Kendari
31%
Philippines Luzon 245,518 Puerto Princesa
31%
Indonesia Papua Barat 221,756 Sorong
31%
Philippines Visayas 749,623 Bacolod
29%
Myanmar 352,315 Bago
29%
Cambodia 169,227 Băt Dâmbâng
29%
Indonesia Banten 764,034 Cilegon
29%
Thailand Southern 674,361 Hat Yai
29%
Indonesia Jawa Timur 308,973 Kediri
29%
Thailand Northeastern 283,941 Nakhon Ratchasima
29%
Indonesia Kalimantan Utara 314,779 Tarakan
29%
Indonesia Jawa Barat 1,101,339 Karawang
27%
Vietnam Duyên hải Nam Trung Bộ 359,404 Nha Trang
27%
Malaysia 306,769 Putrajaya - Cyberjaya
27%
Thailand Eastern 369,547 Rayong
27%
Malaysia 376,619 Sandakan
27%
Thailand Southern 214,149 Surat Thani
27%
Vietnam Đông Nam Bộ 481,198 Vũng Tàu
27%
Philippines Luzon 473,005 Baguio
24%
Indonesia Jawa Timur 888,780 Jember
24%
Malaysia 508,060 Kota Bharu
24%
Malaysia 405,502 Kuala Terengganu
24%
Malaysia 538,113 Kuantan
24%
Thailand Northern 204,101 Lampang
24%
Myanmar 452,905 Myitkyina
24%
Indonesia Kalimantan Tengah 196,980 Palangka Raya
24%
Indonesia Kepulauan Bangka Belitung 307,647 Pangkal Pinang
24%
Indonesia Jawa Tengah 840,233 Pekalongan
24%
Thailand Southern 348,573 Songkhla
24%
Philippines Visayas 323,232 Tacloban
24%
Indonesia Kepulauan Riau 193,341 Tanjung Pinang
24%
Indonesia Jawa Tengah 139,683 Batang
22%
Indonesia Sulawesi Utara 245,385 Bitung
22%
Philippines Mindanao 276,421 Butuan
22%
Philippines Mindanao 156,339 Jolo
22%
Thailand Northeastern 606,805 Khon Kaen
22%
Vietnam Tây Bắc Bộ 117,160 Lào Cai
22%
Myanmar 276,256 Lashio
22%
Philippines Luzon 290,935 Legazpi
22%
Indonesia Papua Barat 111,928 Manokwari
22%
Myanmar 269,957 Mawlamyine
22%
Malaysia 187,159 Miri
22%
Thailand Southern 150,187 Nakhon Si Thammarat
22%
Thailand Central 161,509 Phra Nakhon Si Ayutthaya
22%
Myanmar 174,280 Pyay
22%
Vietnam Đồng bằng sông Cửu Long 246,440 Rạch Giá
22%
Malaysia 518,340 Seremban
22%
Malaysia 200,116 Sibu
22%
Indonesia Jawa Barat 577,875 Sukabumi
22%
Myanmar 407,845 Taunggyi
22%
Malaysia 363,846 Tawau
22%
Vietnam Bắc Trung Bộ 349,381 Thanh Hóa
22%
Thailand Northeastern 264,784 Ubon Ratchathani
22%
Malaysia 160,767 Bintulu
20%
Philippines Mindanao 335,111 Cotabato
20%
Philippines Luzon 750,217 Dasmariñas
20%
Vietnam Đồng bằng sông Cửu Long 239,588 Long Xuyên
20%
Myanmar 283,058 Monywa
20%
Malaysia 171,430 Muar
20%
Philippines Luzon 277,451 Naga
20%
Thailand Krung Thep Maha Nakhon Lae Parimonthon 199,889 Nakhon Pathom
20%
Vietnam Đồng bằng sông Hồng 179,229 Nam Định
20%
Thailand Northern 149,576 Phitsanulok
20%
Vietnam Tây Nguyên 235,142 Pleiku
20%
Indonesia Jawa Tengah 852,469 Tegal
20%
Philippines Luzon 484,013 Batangas
18%
Malaysia 183,523 Batu Pahat
18%
Indonesia Riau 332,203 Dumai
18%
Thailand Western 132,166 Kanchanaburi
18%
Malaysia 197,914 Kangar
18%
Philippines Mindanao 226,251 Marawi
18%
Indonesia Lampung 356,273 Metro
18%
Myanmar 212,322 Pathein
18%
Vietnam Duyên hải Nam Trung Bộ 219,704 Phan Thiết
18%
Indonesia Jawa Tengah 267,569 Purwokerto
18%
Philippines Luzon 122,605 San Fernando
18%
Indonesia Kalimantan Barat 186,658 Singkawang
18%
Myanmar 105,220 Sittwe
18%
Malaysia 302,693 Sungai Petani
18%
Malaysia 288,236 Taiping
18%
Vietnam Đông Bắc Bộ 290,903 Thái Nguyên
18%
Thailand Southern 124,887 Yala
18%
Vietnam Đông Bắc Bộ 122,215 Bắc Giang
16%
Indonesia Sumatera Barat 246,215 Bukittinggi
16%
Vietnam Đồng bằng sông Cửu Long 170,947 Cà Mau
16%
Vietnam Đông Bắc Bộ 191,050 Cẩm Phả
16%
Philippines Luzon 247,185 Dagupan
16%
Vietnam Bắc Trung Bộ 104,959 Đông Hà
16%
Philippines Mindanao 358,012 Iligan
16%
Malaysia 199,347 Kluang
16%
Malaysia 358,179 Kulim
16%
Indonesia Aceh 115,812 Lhokseumawe
16%
Thailand Central 378,488 Lopburi
16%
Indonesia Jawa Timur 182,042 Madiun
16%
Myanmar 184,891 Myeik
16%
Vietnam Đồng bằng sông Hồng 149,581 Ninh Bình
16%
Indonesia Jawa Timur 228,532 Pasuruan
16%
Indonesia Jawa Timur 205,314 Probolinggo
16%
Vietnam Duyên hải Nam Trung Bộ 218,829 Quảng Ngãi
16%
Philippines Visayas 160,440 Roxas
16%
Thailand Krung Thep Maha Nakhon Lae Parimonthon 514,776 Samut Sakhon
16%
Philippines Luzon 254,126 San Pablo
16%
Malaysia 107,860 Semporna
16%
Indonesia Jawa Barat 288,220 Subang
16%
Philippines Luzon 329,565 Tarlac
16%
Myanmar 158,343 Taungoo
16%
Vietnam Đồng bằng sông Hồng 136,116 Thái Bình
16%
Vietnam Đồng bằng sông Hồng 152,685 Việt Trì
16%
Indonesia Jawa Timur 170,791 Banyuwangi
14%
Vietnam Đồng bằng sông Hồng 248,180 Bắc Ninh
14%
Indonesia Nusa Tenggara Barat 170,011 Bima
14%
Malaysia 856,207 Bukit Mertajam
14%
Vietnam Tây Nguyên 304,776 Buôn Ma Thuột
14%
Vietnam Đồng bằng sông Hồng 151,436 Chí Linh
14%
Thailand Southern 128,524 Chumphon
14%
Indonesia Jawa Tengah 254,711 Cilacap
14%
Myanmar 102,262 Dawei
14%
Vietnam Bắc Trung Bộ 102,413 Đồng Hới
14%
Thailand Western 162,888 Hua Hin
14%
Myanmar 180,129 Kale
14%
Malaysia 387,512 Kulai
14%
Thailand Northern 295,127 Lamphun
14%
Philippines Luzon 390,125 Lipa
14%
Myanmar 130,809 Magway
14%
Myanmar 141,944 Meiktila
14%
Indonesia Papua 220,487 Merauke
14%
Thailand Central 153,269 Nong Khai
14%
Philippines Luzon 316,874 Olongapo
14%
Philippines Mindanao 185,827 Pagadian
14%
Indonesia Jawa Tengah 381,160 Pemalang
14%
Indonesia Sumatera Utara 349,926 Pematangsiantar
14%
Thailand Northern 176,366 Phayao
14%
Myanmar 208,047 Pyin Oo Lwin
14%
Vietnam Duyên hải Nam Trung Bộ 299,934 Qui Nhơn
14%
Thailand Southern 177,630 Ranong
14%
Philippines Luzon 135,805 Santiago
14%
Thailand Eastern 331,893 Si Racha
14%
Philippines Mindanao 347,649 Tagum
14%
Vietnam Đông Nam Bộ 193,919 Tây Ninh
14%
Philippines Luzon 164,248 Tuguegarao
14%
Indonesia Sulawesi Tenggara 167,856 Bau-Bau
12%
Indonesia Jawa Timur 153,397 Blitar
12%
Indonesia Kalimantan Timur 195,379 Bontang
12%
Thailand Eastern 126,975 Chanthaburi
12%
Philippines Visayas 225,956 Dumaguete
12%
Indonesia Riau 291,518 Duri
12%
Vietnam Đồng bằng sông Hồng 286,192 Hải Dương
12%
Myanmar 162,089 Hpa-an
12%
Indonesia Jawa Tengah 349,371 Jati - Kudus
12%
Malaysia 161,533 Kuah
12%
Malaysia 157,797 Lahad Datu
12%
Indonesia Aceh 202,962 Langsa
12%
Philippines Luzon 303,937 Lucena
12%
Myanmar 109,609 Muse
12%
Myanmar 135,780 Myawaddy
12%
Philippines Mindanao 135,087 Ozamis
12%
Indonesia Jawa Timur 118,977 Pare
12%
Vietnam Đồng bằng sông Hồng 145,902 Phủ Lý
12%
Thailand Northern 150,702 Phrae
12%
Indonesia Jawa Tengah 223,761 Salatiga
12%
Malaysia 136,321 Segamat
12%
Vietnam Đồng bằng sông Cửu Long 156,853 Sóc Trăng
12%
Philippines Mindanao 112,168 Surigao
12%
Indonesia Sumatera Utara 274,432 Tanjungbalai
12%
Thailand Northern 210,074 Uttaradit
12%
Philippines Mindanao 105,262 Valencia
12%
Vietnam Đồng bằng sông Cửu Long 102,047 Vĩnh Long
12%
Vietnam Đồng bằng sông Cửu Long 141,049 Bạc Liêu
10%
Philippines Luzon 100,674 Cavite
10%
Indonesia Jawa Barat 299,749 Cianjur
10%
Philippines Mindanao 149,175 Dipolog
10%
Indonesia Jawa Tengah 365,153 Jepara - Tahunan
10%
Thailand Northeastern 256,860 Kalasin
10%
Thailand Northern 146,332 Kamphaeng Phet
10%
Vietnam Tây Nguyên 133,815 Kon Tum
10%
Philippines Mindanao 154,759 Koronadal
10%
Indonesia Sumatera Selatan 236,601 Lubuklinggau
10%
Indonesia Jawa Tengah 219,543 Magelang
10%
Indonesia Jawa Timur 408,526 Mojokerto
10%
Thailand Northeastern 245,563 Mukdahan
10%
Thailand Northern 175,350 Nakhon Sawan
10%
Philippines Visayas 114,908 Ormoc
10%
Myanmar 118,841 Pakokku
10%
Indonesia Sulawesi Selatan 139,303 Palopo
10%
Indonesia Jawa Timur 235,882 Pamekasan
10%
Indonesia Kalimantan Tengah 135,973 Pangkalanbun
10%
Indonesia Sulawesi Selatan 174,161 Parepare
10%
Malaysia 392,917 Pasir Gudang
10%
Vietnam Duyên hải Nam Trung Bộ 190,261 Phan Rang-Tháp Chàm
10%
Philippines Luzon 480,421 Santo Tomas - Tanauan
10%
Thailand Central 107,888 Saraburi
10%
Thailand Eastern 215,468 Sattahip
10%
Philippines Luzon 291,466 Silang
10%
Philippines Luzon 102,711 Sorsogon
10%
Philippines Visayas 143,460 Tagbilaran
10%
Indonesia Jawa Barat 768,743 Tarogong - Garut
10%
Indonesia Papua 235,536 Timika
10%
Vietnam Đông Bắc Bộ 123,205 Uông Bí
10%
Vietnam Đồng bằng sông Hồng 113,385 Vĩnh Yên
10%
Philippines Luzon 215,497 Balanga
8%
Indonesia Sumatera Utara 279,080 Binjai
8%
Vietnam Đông Nam Bộ 310,704 Bến Cát
8%
Vietnam Tây Nguyên 118,882 Bảo Lộc
8%
Philippines Luzon 294,797 Cabanatuan
8%
Vietnam Đồng bằng sông Cửu Long 115,865 Cao Lãnh
8%
Indonesia Jawa Barat 314,135 Cikampek
8%
Philippines Mindanao 157,314 Digos
8%
Vietnam Đông Nam Bộ 108,050 Đồng Xoài
8%
Indonesia Nusa Tenggara Timur 151,186 Ende
8%
Myanmar 132,163 Hinthada
8%
Indonesia Jawa Barat 317,945 Indramayu
8%
Indonesia Jawa Tengah 143,155 Klaten
8%
Indonesia Sulawesi Barat 158,196 Kota Kotamobagu
8%
Myanmar 113,767 Myingyan
8%
Indonesia Sumatera Barat 143,619 Payakumbuh
8%
Indonesia Sumatera Selatan 174,274 Prabumulih
8%
Indonesia Jawa Barat 248,985 Purwakarta
8%
Malaysia 172,573 Rawang
8%
Thailand Northeastern 203,011 Sakon Nakhon
8%
Indonesia Bali 283,296 Singaraja
8%
Vietnam Bắc Trung Bộ 102,001 Sầm Sơn
8%
Indonesia Jawa Barat 167,650 Sumedang
8%
Indonesia Sumatera Utara 236,371 Tebing Tinggi
8%
Philippines Luzon 268,661 Trece Martires
8%
Vietnam Duyên hải Nam Trung Bộ 144,960 Tuy Hòa
8%
Indonesia Jawa Barat 596,311 Cicurug
6%
Indonesia Bengkulu 100,834 Curup
6%
Philippines Luzon 116,847 Daet
6%
Malaysia 144,544 Jitra
6%
Philippines Visayas 140,864 Kalibo
6%
Thailand Southern 183,081 Kathu
6%
Indonesia Jawa Tengah 275,068 Kebumen
6%
Malaysia 166,314 Keningau
6%
Indonesia Lampung 211,896 Kotabumi
6%
Indonesia Jawa Barat 299,229 Kuningan
6%
Indonesia Sumatera Selatan 137,660 Lahat
6%
Philippines Luzon 153,759 Mariveles
6%
Vietnam Đồng bằng sông Cửu Long 179,878 Mỹ Tho
6%
Malaysia 166,522 Nilai
6%
Indonesia Sumatera Utara 210,046 Padang Sidimpuan
6%
Indonesia Jawa Tengah 102,107 Pati
6%
Vietnam Đông Nam Bộ 161,490 Phú Mỹ
6%
Philippines Mindanao 100,795 Polomolok
6%
Philippines Luzon 122,364 Santa Cruz
6%
Philippines Luzon 114,195 Subic
6%
Indonesia Kepulauan Bangka Belitung 138,402 Sungailiat
6%
Philippines Luzon 123,945 Tabaco
6%
Myanmar 111,800 Taikkyi
6%
Vietnam Duyên hải Nam Trung Bộ 104,015 Tam Kỳ
6%
Philippines Luzon 108,990 Vigan
6%
Thailand Northeastern 168,372 Warin Chamrap
6%
Indonesia Sulawesi Selatan 165,138 Watampone
6%
Vietnam Đông Nam Bộ 183,533 An Tịnh - Trảng Bàng
4%
Indonesia Sumatera Selatan 160,973 Baturaja
4%
Indonesia Jawa Timur 215,327 Bojonegoro
4%
Philippines Luzon 102,175 Candelaria
4%
Vietnam Đồng bằng sông Cửu Long 115,610 Châu Đốc
4%
Indonesia Jawa Barat 155,778 Cisarua
4%
Philippines Visayas 164,679 Danao
4%
Vietnam Bắc Trung Bộ 156,953 Diễn Châu
4%
Philippines Luzon 108,883 Floridablanca
4%
Indonesia Jawa Timur 375,477 Jombang
4%
Indonesia Sumatera Utara 209,751 Kisaran
4%
Philippines Luzon 135,288 La Trinidad
4%
Philippines Luzon 106,980 Lingayen
4%
Indonesia Bali 125,247 Mengwi
4%
Philippines Luzon 185,802 Naic
4%
Indonesia Lampung 127,660 Natar
4%
Indonesia Banten 222,857 Rangkasbitung
4%
Indonesia Sumatera Utara 219,622 Rantau Prapat
4%
Philippines Luzon 139,203 Taal - Lemery
4%
Indonesia Kepulauan Bangka Belitung 134,004 Tanjung Pandan
4%
Indonesia Riau 160,526 Tembilahan
4%
Vietnam Đồng bằng sông Cửu Long 114,373 Trà Vinh
4%
Philippines Luzon 150,490 Urdaneta
4%
Philippines Luzon 111,348 Apalit
2%
Thailand Central 203,294 Bang Pa-in
2%
Malaysia 170,246 Banting
2%
Philippines Luzon 117,842 Capas
2%
Indonesia Jawa Barat 124,781 Ciamis
2%
Indonesia Jawa Barat 111,253 Cibadak
2%
Indonesia Jawa Barat 176,067 Cicalengka
2%
Philippines Luzon 105,481 Dinalupihan
2%
Philippines Luzon 139,114 Gapan
2%
Philippines Luzon 141,475 Guagua
2%
Philippines Luzon 105,159 Hagonoy
2%
Malaysia 137,042 Kemaman
2%
Indonesia Banten 169,695 Legok
2%
Indonesia Jawa Barat 104,160 Leuwiliang
2%
Philippines Luzon 118,009 Los Baños
2%
Philippines Luzon 145,661 Lubao
2%
Philippines Luzon 120,481 Mangaldan
2%
Indonesia Jawa Timur 196,957 Muncar
2%
Indonesia Riau 131,988 Perawang
2%
Indonesia Jawa Tengah 112,232 Rembang
2%
Philippines Luzon 102,720 Tanay
2%
Indonesia Banten 181,651 Tigaraksa
2%
Indonesia Jawa Barat 180,041 Batujajar
0%
Indonesia Jawa Tengah 133,368 Bulakamba
0%
Indonesia Jawa Barat 280,206 Ciawi
0%
Indonesia Jawa Barat 135,998 Cibungbulang
0%
Indonesia Jawa Barat 226,567 Cipanas
0%
Indonesia Jawa Barat 169,973 Ciparay
0%
Indonesia Jawa Tengah 120,283 Comal
0%
Vietnam Đông Nam Bộ 159,223 Gia Kiệm
0%
Indonesia Jawa Barat 101,077 Gunungjati
0%
Vietnam Đông Nam Bộ 274,666 Hiệp Phước
0%
Indonesia Jawa Barat 117,295 Jatiwangi
0%
Indonesia Jawa Barat 144,878 Jonggol
0%
Indonesia Jawa Tengah 136,098 Kaliwungu
0%
Indonesia Jawa Timur 438,652 Kebomas
0%
Indonesia Jawa Timur 107,598 Kedungwaru
0%
Indonesia Jawa Timur 101,464 Kepanjen
0%
Indonesia Jawa Timur 114,786 Lawang
0%
Indonesia Jawa Barat 423,815 Majalaya
0%
Indonesia Jawa Timur 106,260 Menganti
0%
Indonesia Jawa Tengah 159,670 Mlonggo
0%
Philippines Luzon 129,348 Norzagaray
0%
Philippines Luzon 197,970 Pandi
0%
Indonesia Jawa Barat 109,450 Pangalengan
0%
Indonesia Jawa Tengah 229,530 Petarukan
0%
Indonesia Jawa Barat 107,382 Rengasdengklok
0%
Malaysia 167,276 Simpang Empat
0%
Indonesia Jawa Tengah 149,520 Sukoharjo
0%
Vietnam Đồng bằng sông Cửu Long 155,071 Tân An
0%
Indonesia Jawa Timur 109,262 Tulangan
0%
No matching quizzes found
Score Distribution
Percent of People with Each Score
Percentile by Number Answered
Your Score History
You have not taken this quiz